00225nam a2200085Ia 4500008004100000041000800041100002200049245003300071260003500104241105s9999 xx 000 0 und d aeng aKhadilkar Sampada aExperience Music Centre Pune bFinal Year B. Arch, BNCAc2014